000 00420nam a2200181Ia 4500
001 20334
005 20260306172758.0
008 260306t1996||||xx |||||||||||||| ||spa||
041 _aESP
082 _a343.2
_bD61
100 _aLanda Arroyo, César
_eAUT
245 0 _aDesafíos constitucionales contemporáneos
260 _c1996
300 _a
_c
650 _aGEN
654 _aCDE
942 _cLIB
_dJUS
_fJUS
_2ddc
_n
999 _c20334
_d20334